000 00334nam a2200133Ia 4500
008 240624s9999 xx 000 0 und d
041 _aeng
082 _a337 MIL
100 _aMILLIOT ERIC
245 _aPARADOXES OF GLOBALISATION
260 _c2010
_aNew York
_bPalgrave Macmillan
300 _ax, 302 p.; 22 cm.
365 _cBPS
_b38
999 _c29288
_d29288